Advanced engineering mathematics (Record no. 2354)

000 -LEADER
fixed length control field 00457nam a22001937a 4500
001 - CONTROL NUMBER
control field 2354
003 - CONTROL NUMBER IDENTIFIER
control field BD-DhUET
008 - FIXED-LENGTH DATA ELEMENTS--GENERAL INFORMATION
fixed length control field 140922b xxu||||| |||| 00| 0 eng d
020 ## - INTERNATIONAL STANDARD BOOK NUMBER
International Standard Book Number 8121903459
040 ## - CATALOGING SOURCE
Transcribing agency 0
Modifying agency BD-DhUET
082 ## - DEWEY DECIMAL CLASSIFICATION NUMBER
Classification number 510
Item number DAS/2007
100 ## - MAIN ENTRY--PERSONAL NAME
Personal name Dass, H.K.
245 ## - TITLE STATEMENT
Title Advanced engineering mathematics
250 ## - EDITION STATEMENT
Edition statement 17th Rev. ed.
260 ## - PUBLICATION, DISTRIBUTION, ETC. (IMPRINT)
Place of publication, distribution, etc. Ram Nagar
Name of publisher, distributor, etc. S. Chand.
Date of publication, distribution, etc. 2007
300 ## - PHYSICAL DESCRIPTION
Extent xvi,1274p.
650 #0 - SUBJECT ADDED ENTRY--TOPICAL TERM
Topical term or geographic name as entry element Mathematics
942 ## - ADDED ENTRY ELEMENTS (KOHA)
Koha item type General Book
Holdings
Source of classification or shelving scheme Location (home branch) Sublocation or collection (holding branch) Koha date last borrowed Piece designation (barcode) Price effective from Koha item type Koha issues (times borrowed) Lost status Koha date last seen Koha full call number Koha out on loan Withdrawn status Koha normalized classification for sorting Shelving location Date acquired Damaged status Not for loan Copy number
 Central Library, BUETCentral Library, BUET2022-11-231039242014-09-22General Book3 2023-05-06510/DAS/2007  510DAS2007Circulation section2014-09-22  1
 Central Library, BUETCentral Library, BUET2026-01-131039252014-09-22General Book6 2026-01-13510/DAS/20072026-01-27 510DAS2007Circulation section2014-09-22  2
 Central Library, BUETCentral Library, BUET2024-12-011039272014-09-22General Book4 2025-02-10510/DAS/2007  510DAS2007Circulation section2014-09-22  3
 Central Library, BUETCentral Library, BUET2023-03-221039282014-09-22General Book3 2023-06-05510/DAS/2007  510DAS2007Circulation section2014-09-22  4
 Central Library, BUETCentral Library, BUET2014-11-121039292014-09-22General Book1 2016-02-24510/DAS/2007  510DAS2007Circulation section2014-09-22  5
 Central Library, BUETCentral Library, BUET2023-01-111039312014-09-22General Book2 2023-02-28510/DAS/2007  510DAS2007Circulation section2014-09-22  7
 Central Library, BUETCentral Library, BUET2026-04-151039302014-09-22General Book3 2026-04-15510/DAS/20072026-04-29 510DAS2007Circulation section2014-09-22  6
 Central Library, BUETCentral Library, BUET2019-01-201039222015-01-26General Book2 2019-03-31510/DAS/2007  510_000000000000000_DAS_2007Circulation section2015-01-26  8
 Central Library, BUETCentral Library, BUET2025-03-021039232015-09-01General Book2 2025-04-07510DAS/2007  510DAS_2007_000000000000000Circulation section2015-09-01  9
 Central Library, BUETCentral Library, BUET2024-11-241039262017-05-29General Book11 2024-11-24510/DAS/20072024-12-08 510_000000000000000_DAS_2007Circulation section2007-05-28  10